| 000 | 00654nam a22001937a 4500 | ||
|---|---|---|---|
| 005 | 20250115154827.0 | ||
| 010 | _aENG-143431 | ||
| 020 |
_a9789391373092 _c190.00 |
||
| 035 | _aEN-126963 | ||
| 037 | _bDBAD | ||
| 082 | _a658.1 | ||
| 100 |
_aSomasundari Dr. K. Meenatchi _976639 |
||
| 245 |
_aOrganizational Theory and Development/ _cBy Dr. K. Somasundari Meenatchi |
||
| 260 |
_aVasantha Nagar, Madurai, Tamil Nadu _bShanalax Publications |
||
| 270 |
_a61, 66 T.P.K. Main Road, Vasantha Nagar, Madurai, Tamil Nadu _bMadurai, Tamil Nadu _e625003 |
||
| 300 |
_a179p. _c22cm(pb) |
||
| 700 | _976628 | ||
| 942 |
_2ddc _cEN _mSom _h658.1 |
||
| 999 |
_c208538 _d208538 |
||